|
|
|
|
| LEADER |
00000nab a2200000 a 4500 |
| 001 |
vtls000818172 |
| 003 |
SK-MaSNL |
| 005 |
20260302151250.0 |
| 008 |
180206c2000 xo 0 slo |
| 015 |
|
|
|a SNBRB2002/12-40808
|
| 035 |
|
|
|a CLN000169827
|
| 040 |
|
|
|a SNKBUCL
|b slo
|c SNKBUCL
|e AACR2
|
| 041 |
0 |
|
|a slo
|
| 044 |
|
|
|a xo
|c SK
|
| 080 |
|
|
|a 343.122(437.6)
|2 UDC-MRF-SK2
|
| 100 |
1 |
|
|a Srebala, Ondrej
|4 aut
|9 12335
|
| 245 |
1 |
0 |
|a Stredisko pre obete trestných činov
|b rok činnosti Strediska pre obete trestných činov
|c Ondrej Srebala
|
| 500 |
|
|
|a Pokračovanie v č. 4/2000
|
| 610 |
|
7 |
|a Stredisko pre obete trestných činov (Bratislava, Slovensko)
|2 snkbucl
|9 841950
|
| 655 |
|
7 |
|a články z novín a časopisov
|2 snkbucl
|9 267496
|
| 773 |
0 |
|
|x 1335-504X
|t Alarm magazín
|g Roč. 2, č. 3 (2000), s. 32
|
| 850 |
|
|
|a Slovenská národná knižnica v Martine
|
| 852 |
|
|
|a SNK
|b KIS3GCP
|
| 958 |
|
|
|a RBX
|
| 999 |
|
|
|c 1359421
|d 1361351
|